| 000 | 00674nam a2200193Ii 4500 | ||
|---|---|---|---|
| 003 | JO-AjNU | ||
| 008 | 230605s9999||||xx |||||||||||||| ||und|| | ||
| 040 |
_aJO-AjNU _bara _erda _cJO-AjNU |
||
| 041 | _aara | ||
| 050 | 1 | 4 | _aB129.29 2006 |
| 100 | 3 |
_aحجازي، محمود؛ عنى به عبادة فارس الشامي, _eauthor _913020 |
|
| 245 | 0 | 0 | _aتفسير جزء تبارك من النفسير الواضح |
| 264 | 3 | 1 | _aعمان: دار عمار،2006 |
| 300 | _a114ص | ||
| 336 |
_atext _btxt _2rdacontent |
||
| 337 |
_aunmediated _bn _2rdamedia |
||
| 338 |
_avolume _bnc _2rdacarrier |
||
| 650 | 4 |
_aجزء تبارك -تفسير - القران الكريم _913021 |
|
| 999 |
_aA3131 _c6699 _d6699 |
||